| 000 | 00645nam a2200181Ia 4500 | ||
|---|---|---|---|
| 008 | 151018s9999 xx 000 0 und d | ||
| 082 |
_bRBASDV33357 _a685 |
||
| 100 | _aदे प्र रणभरे | ||
| 245 | _aघरच्या घरी साँपट टाइज | ||
| 250 | _b1 | ||
| 260 | _bसौभाग्य प्रकाशन पुणे | ||
| 300 | _a50 | ||
| 600 | _aदे प्र रणभरे | ||
| 630 | _aघरच्या घरी साँपट टाइज | ||
| 700 | _aदे प्र रणभरे | ||
| 730 | _aघरच्या घरी साँपट टाइज | ||
| 942 | _cBOOK | ||
| 999 |
_c1032872 _d1032869 |
||